| 000 | 00961nam a2200205 a 4500 | ||
|---|---|---|---|
| 001 | 000878477 | ||
| 003 | AM-YeHGA | ||
| 005 | 20250617163352.0 | ||
| 008 | 120326s1960 bw r 000 0 rus d | ||
| 040 | _aAM-YeHGA | ||
| 041 | 0 | _arus | |
| 100 | 1 | _aБогдановский, Ю.Г. | |
| 245 | 1 | 0 |
_aОписание сортов яблонь, произрастающих в садах учебно-опытного хозяйства Белорусской сельскохозяйственной академии / _cЮ.Г. Богдановский; МСХ БССР; Белорусс. с.-х. акад. |
| 260 |
_aГорки : _bИзд-во Белорус. с.-х. академии, _c1960. |
||
| 300 |
_a56 с. ; _c20 см. |
||
| 650 | 1 | 4 | _aЯблоня |
| 710 | 2 | _aМинистерство сельского хозяйства БССР | |
| 710 | 2 | _aБелорусская сельскохозяйственная академия | |
| 090 | _c508860 | ||
| 999 |
_c505440 _d505440 |
||